Statistiche per Paesi più vicini all'Austria - Sprint di un minuto

Clicka qui per fare il quiz!

Statistiche generali

  • Questo quiz è stato fatto 75 volte
  • Il punteggio medio è 15 su 20

Statistiche sulle risposte

kmpaese% Corretto
0Italia
100%
0Germania
97%
0Slovenia
96%
0Svizzera
94%
149Francia
93%
0Cechia
88%
24Croazia
87%
158Polonia
84%
0Slovacchia
84%
0Ungheria
83%
0Liechtenstein
78%
291San Marino
72%
161Bosnia ed
Erzegovina
68%
218Serbia
67%
321Lussemburgo
52%
357Belgio
51%
304Romania
49%
372Ucraina
39%
405Monaco
38%
415Montenegro
38%

Distribuzione punteggi

Percentile per numero di risposta

Percentuale di utenti per punteggio

I tuoi punteggi nel tempo

Non hai fatto questo quiz